00429 2200169 4500001002100000005001500021008004100036020002200077035001900099041000700118082001000125090001600135245002600151260003200177300001800209650003200227INLIS00000000001524520241224114909241224||||||||| | ||| |||| || |  a978-602-8179-61-4 0010-1224015245 aid0 a571.1 a571.1 PPL m00aMengenal Satwa Migran aJakartabRIZKY GRAFISc2008 a38hlm;14x21cm 0aIlmu ilmu tentang kehidupan